Estructura económica de Espana : Industria y servicios

Đã lưu trong:
Bibliografiske detaljer
Hovedforfatter: Tamames, Ramón
Format: Bog
Sprog:Undetermined
Udgivet: Madrid Sociedad de Estudios y Publicaciones 1960
Fag:
Tags: Tilføj Tag
Ingen Tags, Vær først til at tagge denne postø!
Thư viện lưu trữ: Trung tâm Học liệu Trường Đại học Cần Thơ
LEADER 00552nam a2200193Ia 4500
001 CTU_82166
008 210402s9999 xx 000 0 und d
082 |a 330.946 
082 |b T153/Vol.2 
100 |a Tamames, Ramón 
245 0 |a Estructura económica de Espana : 
245 0 |b Industria y servicios 
245 0 |c Ramón Tamames 
260 |a Madrid 
260 |b Sociedad de Estudios y Publicaciones 
260 |c 1960 
650 |a Economic conditions 
904 |i Trọng Hải 
980 |a Trung tâm Học liệu Trường Đại học Cần Thơ